Amor, matrimonio y la familia / [por] Kenneth Walker ; tr. por Leonor T. de Paiz

Guardado en:
Bibliografiske detaljer
Hovedforfatter: Walker, Kenneth (autor)
Format: Bog
Fag:
Tags: Tilføj Tag
Ingen Tags, Vær først til at tagge denne postø!

MARC

LEADER 00000nam^a2200000^u^4500
001 000544215
005 20250521000000.0
008 060220s1000^^^^^^^^^^^^r^^^^^000^0^spa^d
009 20260310131322.806
035 |a FMI 000013324 
037 |a Acervo Xavier Clavigero 
096 |a 5.7.3/37/C 
100 |a Walker, Kenneth  |e (autor) 
245 1 0 |a Amor, matrimonio y la familia / [por] Kenneth Walker ; tr. por Leonor T. de Paiz 
264 |a México : Azteca, 1965 
300 |a 254 p. 
336 |a texto  |b txt  |2 rdacontenido 
337 |a sin mediación  |b n  |2 rdamedio 
338 |a volumen  |b nc  |2 rdasoporte 
597 |a Trad. del inglés ("Love, marriage and the family"). 
649 |a XX 
650 |a BIOETICA 
910 |a Fondo Francisco Migoya Covarrubias S.J. 
920 |a Impresos - Libros 
930 |a Fondos Especiales 
905 |a 134 
901 |a SBC14808  |b IT2  |c ESP  |u 20250521 
902 |a https://opac.biblio.iteso.mx/vufind/Record/000544215